<?xml version="1.0" encoding="UTF-8"?>
<record
    xmlns:xsi="http://www.w3.org/2001/XMLSchema-instance"
    xsi:schemaLocation="http://www.loc.gov/MARC21/slim http://www.loc.gov/standards/marcxml/schema/MARC21slim.xsd"
    xmlns="http://www.loc.gov/MARC21/slim">

  <leader>01000nam a2200217Ia 4500</leader>
  <controlfield tag="003">OSt</controlfield>
  <controlfield tag="005">20260216103436.0</controlfield>
  <controlfield tag="008">210210b2018   xxu||||| |||| 00| 0 eng d</controlfield>
  <datafield tag="040" ind1=" " ind2=" ">
    <subfield code="c">AL</subfield>
  </datafield>
  <datafield tag="041" ind1=" " ind2=" ">
    <subfield code="a">Kannada</subfield>
  </datafield>
  <datafield tag="082" ind1=" " ind2=" ">
    <subfield code="a">K894.2 KALK</subfield>
  </datafield>
  <datafield tag="100" ind1=" " ind2=" ">
    <subfield code="a">KALIDASA</subfield>
    <subfield code="9">142317</subfield>
    <subfield code="d">&#xC95;&#xCBE;&#xCB3;&#xCBF;&#xCA6;&#xCBE;&#xCB8;</subfield>
  </datafield>
  <datafield tag="245" ind1=" " ind2=" ">
    <subfield code="a">Kalidasana malavikagnimitra</subfield>
    <subfield code="b">&#xC95;&#xCBE;&#xCB3;&#xCBF;&#xCA6;&#xCBE;&#xCB8;&#xCA8; &#xCAE;&#xCBE;&#xCB2;&#xCB5;&#xCBF;&#xC95;&#xCBE;&#xC97;&#xCCD;&#xCA8;&#xCBF;&#xCAE;&#xCBF;&#xCA4;&#xCCD;&#xCB0;  </subfield>
  </datafield>
  <datafield tag="260" ind1=" " ind2=" ">
    <subfield code="a">Mangaluru</subfield>
    <subfield code="b">-</subfield>
    <subfield code="c">2018</subfield>
  </datafield>
  <datafield tag="300" ind1=" " ind2=" ">
    <subfield code="a">88</subfield>
  </datafield>
  <datafield tag="650" ind1=" " ind2=" ">
    <subfield code="a"> &#xCB0;&#xCBE;&#xC9C; &#xC85;&#xC97;&#xCCD;&#xCA8;&#xCBF;&#xCAE;&#xCBF;&#xCA4;&#xCCD;&#xCB0; &#xCAE;&#xCA4;&#xCCD;&#xCA4;&#xCC1; &#xCA8;&#xCC3;&#xCA4;&#xCCD;&#xCAF;&#xC97;&#xCBE;&#xCB0;&#xCCD;&#xCA4;&#xCBF; &#xCAE;&#xCBE;&#xCB2;&#xCB5;&#xCBF;&#xC95;&#xCC6;&#xCAF; &#xCAA;&#xCCD;&#xCB0;&#xCC7;&#xCAE; &#xC95;&#xCA5;&#xCBE;&#xCB5;&#xCB8;&#xCCD;&#xCA4;&#xCC1;, &#xCB9;&#xCB3;&#xCC6;&#xC97;&#xCA8;&#xCCD;&#xCA8;&#xCA1; &#xCAE;&#xCA4;&#xCCD;&#xCA4;&#xCC1; &#xCA8;&#xCB5;&#xCCD;&#xCAF; &#xC95;&#xCA8;&#xCCD;&#xCA8;&#xCA1;&#xCA6; &#xCA8;&#xCA1;&#xCC1;&#xCB5;&#xCBF;&#xCA8; &#xCB6;&#xCC8;&#xCB2;&#xCBF;&#xCAF;&#xCB2;&#xCCD;&#xCB2;&#xCBF; &#xCAD;&#xCBE;&#xCB7;&#xCBE;&#xC82;&#xCA4;&#xCB0;. </subfield>
    <subfield code="9">255007</subfield>
  </datafield>
  <datafield tag="690" ind1=" " ind2=" ">
    <subfield code="a">Kannada Drama</subfield>
    <subfield code="9">142319</subfield>
  </datafield>
  <datafield tag="700" ind1=" " ind2=" ">
    <subfield code="a">Ammembala Shankaranarayana Navada</subfield>
    <subfield code="d">&#xC85;&#xCAE;&#xCCD;&#xCAE;&#xCC6;&#xC82;&#xCAC;&#xCB3; &#xCB6;&#xC82;&#xC95;&#xCB0; &#xCA8;&#xCBE;&#xCB0;&#xCBE;&#xCAF;&#xCA3; &#xCA8;&#xCBE;&#xCB5;&#xCA1; tr</subfield>
    <subfield code="9">255006</subfield>
  </datafield>
  <datafield tag="906" ind1=" " ind2=" ">
    <subfield code="a">073810</subfield>
  </datafield>
  <datafield tag="942" ind1=" " ind2=" ">
    <subfield code="2">ddc</subfield>
    <subfield code="c">BK</subfield>
  </datafield>
  <datafield tag="999" ind1=" " ind2=" ">
    <subfield code="c">123591</subfield>
    <subfield code="d">123591</subfield>
  </datafield>
  <datafield tag="952" ind1=" " ind2=" ">
    <subfield code="0">0</subfield>
    <subfield code="1">0</subfield>
    <subfield code="2">ddc</subfield>
    <subfield code="4">0</subfield>
    <subfield code="7">0</subfield>
    <subfield code="8">KAN</subfield>
    <subfield code="a">AL</subfield>
    <subfield code="b">AL</subfield>
    <subfield code="c">Kannada Literature</subfield>
    <subfield code="d">2021-02-17</subfield>
    <subfield code="e">Asmithe Prakashana, Mangalore-575002</subfield>
    <subfield code="g">120.00</subfield>
    <subfield code="l">0</subfield>
    <subfield code="o">K894.2 KALK</subfield>
    <subfield code="p">073810</subfield>
    <subfield code="r">2021-02-17 00:00:00</subfield>
    <subfield code="w">2021-02-17</subfield>
    <subfield code="y">BK</subfield>
  </datafield>
</record>
